Historical dictionary of Laos /

"Historical Dictionary of Laos, Fourth Edition contains a chronology, an introduction, and an extensive bibliography. The dictionary section has more than 1,000 cross-referenced entries on important personalities as well as aspects of the country's politics, economy, foreign relations, rel...

Full description

Bibliographic Details
Main Authors: Stuart-Fox, Martin, 1939- (Author), Creak, Simon (Author), Rathie, Martin, 1973- (Author)
Format: Book
Language:English
Published: Lanham : Rowman & Littlefield, [2023]
Edition:Fourth edition.
Series:Historical dictionaries of Asia, Oceania, and the Middle East.
Subjects:

MARC

Tag First Indicator Second Indicator Subfields
LEADER 00000cam a2200000 i 4500
001 in00004652002
008 220518s2023 mdub bd 000 0 eng
005 20250318220708.5
010 |a  2022023344 
020 |a 9781538120279 
020 |a 1538120275  |q hardcover 
020 |z 9781538120286  |q electronic publication 
035 |a (OCoLC)on1319010059 
035 |a (OCoLC)1319010059 
040 |a DLC  |b eng  |e rda  |c DLC  |d OCLCF  |d YDX 
042 |a pcc 
043 |a a-ls--- 
050 0 0 |a DS555.25  |b .S78 2023 
082 0 0 |a 959.4003  |2 23/eng/20220518 
100 1 |a Stuart-Fox, Martin,  |d 1939-  |e author. 
245 1 0 |a Historical dictionary of Laos /  |c Martin Stuart-Fox, Simon Creak, with Martin Rathie. 
250 |a Fourth edition. 
264 1 |a Lanham :  |b Rowman & Littlefield,  |c [2023] 
300 |a lvii, 692 pages :  |b maps ;  |c 24 cm. 
336 |a text  |b txt  |2 rdacontent 
337 |a unmediated  |b n  |2 rdamedia 
338 |a volume  |b nc  |2 rdacarrier 
490 1 |a Historical dictionaries of Asia, Oceania, and the Middle East 
504 |a Includes bibliographical references. 
520 |a "Historical Dictionary of Laos, Fourth Edition contains a chronology, an introduction, and an extensive bibliography. The dictionary section has more than 1,000 cross-referenced entries on important personalities as well as aspects of the country's politics, economy, foreign relations, religion, and culture"--  |c Provided by publisher. 
651 0 |a Laos  |x History  |v Dictionaries. 
651 7 |a Laos.  |2 fast  |0 (OCoLC)fst01210322 
655 7 |a Dictionaries.  |2 fast  |0 (OCoLC)fst01423826 
655 7 |a History.  |2 fast  |0 (OCoLC)fst01411628 
700 1 |a Creak, Simon,  |e author. 
700 1 |a Rathie, Martin,  |d 1973-  |e author. 
776 0 8 |i Online version:  |a Stuart-Fox, Martin, 1939-  |t Historical dictionary of Laos  |b Fourth edition.  |d Lanham : Rowman & Littlefield, [2023]  |z 9781538120286  |w (DLC) 2022023345 
830 0 |a Historical dictionaries of Asia, Oceania, and the Middle East. 
852 8 |b pda,print  |z This title is available for the library to purchase for your use. Click the "Purchase It For Me" button to place a request. This item may take 5-10 business days to arrive. 
955 |a Print PDA title 
961 |m 565730 
999 f f |s f75b75db-b37a-499c-9825-8340a11422db  |i e6dc6a90-a391-4311-b73b-fd2a4dd7c7bf  |t 0 
952 f f |a Texas A&M University  |b College Station  |c Sterling C. Evans Library  |d Purchase on Demand  |t 0  |e DS555.25 .S78 2023  |h Library of Congress classification 
998 f f |a DS555.25 .S78 2023  |t 0  |l Purchase on Demand